01252nas a2200373 4500001001300000003000900013005001700022007000300039008003400042040005400076041000900130072000800139100002100147100002000168100001600188100001900204100001600223100001900239100002400258100001900282245008400301650001600385650002100401650000900422650002000431650001900451650001700470773009000487856007800577909004000655942001800695999001900713952014600732BR2018000902BR-BrBNA20231205131318.0ta230509b bl.|||p| |||| 00| 00por d aBR-BrBNAbporcBiblioteca Nacional de Agricultura a(En) aK101 aFagundes, N.C.A.1 aBraga, L. de L.1 aSilva, W.A.1 aCoutinho, C.A.1 aNeves, W.V.1 aSouza, R.A. de1 aVeloso, M. das D.M.1 aNunes, Y.R.F. 1 aSurvival of saplings in recovery of riparian vegetation of Pandeiros River (MG) aMATA CILIAR aESPÉCIE NATIVA aMUDA aREGENERAÇÃO aPLANTIO DIRETO aMINAS GERAIS0 tFloresta e Ambiente (Brazil)xISSN 2179-8087 g(2018), v. 25(2) p. 1-11wBR201800090240uhttp://www.scielo.br/pdf/floram/v25n2/2179-8087-floram-25-2-e20150212.pdf a202311bLúciac55dLúcia Elande 2AGRISn0cANA c254125d254125 002AGRIS4071a41918b41918cPeriódicos Agrícolash(2018), v. 25(2) p. 1-11l0r2023-11-29t01yCRePortaria Interministerial nº 164/94